[Event "RUS-The World"]
[Site "Moscow"]
[Date "2002.09.08"]
[Round "2"]
[White "Radjabov, Teimour"]
[Black "Karpov, Anatoly"]
[Result "1-0"]
[WhiteElo "2610"]
[BlackElo "2687"]
[Annotator "Ftacnik,L"]
[PlyCount "77"]
[EventDate "2002.09.08"]
[EventType "schev (rapid)"]
[EventRounds "10"]
[EventCountry "RUS"]
[SourceTitle "CBM 091"]
[Source "ChessBase"]
[SourceDate "2002.11.12"]
[SourceVersion "1"]
[SourceVersionDate "2002.11.12"]
[SourceQuality "1"]
[WhiteTeam "The World"]
[BlackTeam "Russia"]
[BlackTeamCountry "RUS"]

1. d4 Nf6 2. c4 e6 3. Nf3 b6 4. a3 Bb7 5. Nc3 d5 6. cxd5 Nxd5 7. e3 g6 8. Bb5+
c6 9. Ba4 Bg7 10. O-O O-O 11. e4 Nxc3 12. bxc3 c5 13. Bg5 Qd6 14. Re1 {White's
aggressive set up is not without risk, black is usually enjoying better
endgame prospects.} (14. e5 Qc7 (14... Qd5 15. Bb3 Qd7 16. h4 cxd4 17. cxd4 Rc8
18. h5 Rc3 19. h6 Bf8 20. Nh2 Nc6 21. d5 exd5 22. Ng4 Qf5 {1/2-1/2 Tkachiev,
V-Lautier,J/Enghien les Bains 1999/ (88)}) 15. Nd2 (15. Qd2 Bxf3 16. gxf3 Nc6
17. Rad1 Ne7 18. Rfe1 Rac8 19. Bxe7 Qxe7 20. d5 exd5 21. Qxd5 c4 {1/2-1/2
Najer,E-Epishin,V/Elista 2001/ (29)}) (15. h4 Nc6 16. Re1 Ne7 17. h5 h6 18. Be3
Rad8 19. Nd2 Nf5 20. Qg4 b5 21. Bb3 gxh5 22. Qxh5 Qa5 {1/2-1/2 Khenkin,
I-Lingnau,C/Senden 2001/ (22)}) 15... Nc6 (15... h6 16. Bh4 Nc6 17. Ne4 Nxe5
18. Nf6+ Bxf6 19. Bxf6 Nd7 20. Bh4 Bc6 21. Bc2 Kg7 22. Re1 Rae8 {1/2-1/2
Borovikov,V-Timoshenko,G/Kiev 2001/ (26)}) 16. Qg4 h6 17. Be3 Ne7 18. Rac1 Nf5
19. Bc2 cxd4 20. cxd4 Nxe3 21. fxe3 Qc3 22. Qe2 Qxa3 23. Be4 Ba6 24. Qe1 Bxf1
25. Bxa8 Rxa8 26. Nxf1 Qe7 {0-1 Kupreichik,V-Makarichev,S/URS 1984/ (38)})
14... Nc6 15. e5 Qc7 16. Qd2 Na5 17. Rac1 Bd5 (17... Bxf3 $5 18. gxf3 b5 19.
Bxb5 (19. Bc2 Nc4 20. Qe2 Nxa3 21. Bd3 $15) 19... Nb3 20. Qe3 Rab8 21. a4 Nxc1
22. Rxc1 Rfc8 $15) 18. Qf4 Rfc8 $6 {Karpov is giving up on the option to play
f7-f6 in a suitable moment and white's attack may now become dangerous.} (18...
Nc4 $5 19. Nd2 (19. h4 Nxa3 20. Nh2 (20. Bf6 Bxf6 21. Qxf6 Qd8 $17) 20... f6
21. exf6 Qxf4 22. Bxf4 Bxf6 $17) 19... f6 20. exf6 Qxf4 21. Bxf4 Rxf6 22. Nxc4
Rxf4 23. g3 Rf3 $15) 19. h4 Qb7 (19... Nc4 20. Nh2 Qb7 21. Ng4 Bxg2 22. Nf6+
Kh8 (22... Bxf6 23. Bxf6 Bh1 24. f3 Qxf3 25. Qh2 cxd4 $15) 23. h5 Bd5 24. Qh4
$40) 20. Bf6 Bf8 (20... Bxf3 21. Bxg7 Kxg7 22. Qf6+ Kg8 23. gxf3 $11) 21. Nh2
$1 cxd4 22. cxd4 Rxc1 23. Rxc1 Bxg2 24. Ng4 h5 (24... Bxa3 25. Ra1 Bb4 26. d5
$1 Bc5 27. Kxg2 $18) 25. Ne3 (25. Nh6+ Kh7 26. Nxf7 Qxf7 27. Kxg2 Bxa3 28. Rc3
$13) 25... Be4 (25... Bd5 26. Nxd5 Qxd5 27. Rc7 Qa2 28. Bg7 Qb1+ 29. Kg2 Qf5
30. Qxf5 gxf5 31. Bxf8 Rxf8 32. Bd1 $16) 26. Bd1 b5 (26... Bxa3 $2 27. Qh6 $18)
27. d5 $5 {Radjabov is well aware, that he is bound to attack at all costs.
The negative side of pawn sacrifices is the increase of the opponent's
defensive chances since white threats are not very concrete.} Bxd5 (27... exd5
28. e6 (28. f3 Bd3 29. Rc3 Bc4 30. Bc2 Rc8 $17) 28... Nc4 29. f3 Bd3 30. Qd4
Bh6 $17) 28. Nxd5 exd5 (28... Qxd5 $2 29. Bf3 $18) 29. e6 Nc4 (29... fxe6 30.
Rc7 Qb8 (30... Qb6 31. Qg3 $18) 31. Bc2 e5 32. Qxe5 $18) 30. Qg5 Kh7 $2 {
[%mdl 256] One clear proof of the fact, that Karpov has his best years well
behind him. In the critical moment he has chosen considerably weak
continuation that makes his survival chances quite problematic.} (30... Re8 $1
31. Bf3 (31. exf7+ Qxf7 32. Bxh5 Kh7 33. Bf3 Bh6 $19) 31... Rxe6 (31... Nb6 32.
Re1 Kh7 33. e7 Bh6 34. Qe5 $36) 32. Bxd5 Qd7 33. Bxe6 Qxe6 $17) (30... Bg7 31.
Bxg7 Kxg7 32. Bxh5 Re8 33. Bg4 fxe6 34. h5 Qf7 35. Rc3 $13) 31. Bc2 Bg7 (31...
Re8 $2 32. Qxh5+ Bh6 33. exf7 Qxf7 34. Bg5 Qg7 35. Bxh6 Qxh6 36. Bxg6+ $18) (
31... Bh6 32. Qxh5 Qa6 33. Re1 (33. Bg5 Qxe6 34. Qxh6+ Kg8 35. Bd1 $14) 33...
Re8 34. Bg5 Rxe6 35. Qxh6+ Kg8 36. Rd1 $14) 32. Re1 Re8 (32... Bxf6 33. Qxf6
Kg8 34. e7 Qd7 35. Bxg6 $18) 33. Qxh5+ Kg8 (33... Bh6 34. Bg5 $18) 34. Bxg6
fxg6 (34... fxe6 $2 35. Qh7+ Kf8 36. Bxe8 $18) 35. Qxg6 Re7 36. h5 Kf8 (36...
Nd2 37. Bxe7 Nf3+ 38. Kf1 Qxe7 39. Rc1 $18) 37. Bxe7+ (37. h6 $1 Bxf6 38. Qxf6+
Kg8 39. Kh1 d4+ 40. f3 $18) 37... Qxe7 38. h6 Bf6 39. Kh1 {The final move was
probably not the best one, but Karpov must have suffered on the clock.} (39. h7
$142 $1 Bg7 (39... Qg7 40. h8=Q+ Qxh8 41. Qf7#) 40. Qf5+ Ke8 41. Qxd5 Nb6 42.
Qxb5+ $18) (39. Kh1 Ne5 40. Qf5 Kg8 41. Rxe5 Bxe5 42. Qxe5 Kh7 43. Qxd5 $16)
1-0

[Event "RUS-The World"]
[Site "Moscow"]
[Date "2002.09.09"]
[Round "3"]
[White "Radjabov, Teimour"]
[Black "Svidler, Peter"]
[Result "0-1"]
[WhiteElo "2610"]
[BlackElo "2690"]
[Annotator "Ftacnik,L"]
[PlyCount "110"]
[EventDate "2002.09.08"]
[EventType "schev (rapid)"]
[EventRounds "10"]
[EventCountry "RUS"]
[SourceTitle "CBM 091"]
[Source "ChessBase"]
[SourceDate "2002.11.12"]
[SourceVersion "1"]
[SourceVersionDate "2002.11.12"]
[SourceQuality "1"]
[WhiteTeam "The World"]
[BlackTeam "Russia"]
[BlackTeamCountry "RUS"]

1. d4 {Hecht} Nf6 2. c4 g6 3. Nc3 d5 4. Nf3 Bg7 5. Qb3 dxc4 6. Qxc4 O-O 7. e4
a6 8. Be2 b5 9. Qb3 c5 10. dxc5 Bb7 11. O-O Nxe4 12. Nxe4 Bxe4 13. Bg5 Nc6 14.
Qe3 Qd5 15. Rad1 Qe6 16. Bh6 Bc2 17. Rd2 Qxe3 18. Bxe3 Bf5 19. Nd4 $6 Bxd4 20.
Bxd4 Rad8 21. Be3 Rxd2 22. Bxd2 Rd8 23. Be3 Bd3 $1 24. Bxd3 Rxd3 {[%mdl 4100]
This endgame is very pleasant for black and draw would actually be a great
achievement for Radjabov.  Hecht: 'Merkmale: Blockierte weiße Mehrheit am
Damenflügel, bewegliche schwarze im Zentrum, guter Springer gegen schlechten
Läufer, schwarzer Raumvorteil. Turmtausch bringt keine Erleichterung für Weiß.
Gedeckter weißer Freibauer bindet den Springer. ACHTUNG: Rapidschachmodus!'}
25. Rc1 e5 26. Kf1 f5 27. Ke2 Rd5 28. f3 (28. Rd1 Rxd1 29. Kxd1 Kf7 30. a3 a5
31. f3 Ke6 $17) 28... Kf7 29. g4 {'?!' Hecht.} (29. g3 Ke6 30. h3 a5 31. a4
bxa4 32. Rc4 Rd8 33. Rxa4 Rb8 34. Ra2 Rb5 $17) (29. g3 $142 {Hecht}) 29... f4
30. Bf2 Ke6 31. h4 a5 32. Rh1 (32. g5 Kf5 (32... a4 33. Rc3 Rd8 $15) 33. Rc3 e4
34. fxe4+ Kxe4 35. a4 b4 36. Rc4+ Kf5 $15) 32... h6 33. Rc1 Rd7 {Hecht:
'Vorbereitung für den Bauernhebel e4'} 34. Rc3 e4 $1 {Svidler will show a
masterful handling of the endgame. All white pieces are passive and c5 is a
longterm weakness.} 35. fxe4 Ke5 36. Kf3 (36. b4 axb4 37. Rd3 Ra7 38. Kf3 Ra3
$19) (36. a4 {Hecht} bxa4 37. Rc4 Rb7 $1 {[%csl Rb2,Re4]}) 36... Rd2 37. a3 b4
$1 (37... Rxb2 $2 38. Rd3 $14) 38. axb4 axb4 39. Rc1 (39. Rb3 g5 40. h5 Ke6 41.
Kg2 Ne5 42. Kf1 Nxg4 43. Be1 Rc2 44. Bxb4 f3 $19) 39... Ke6 $1 {Leaving the
space for the knight, white king will now fall under the mating attack.} 40.
Kg2 (40. Rf1 g5 41. Kg2 Ne5 $19) (40. Be1 Ne5+ 41. Kxf4 Rd3 $19) 40... Rxb2 41.
Rd1 Ne5 42. Rd6+ Ke7 43. Kg1 Rc2 {'-+' Hecht.} (43... f3 44. Bd4 Rg2+ 45. Kf1
Nxg4 46. e5 Rc2 47. Ke1 b3 $19) 44. Rb6 Nxg4 45. Rb7+ (45. Bd4 {Hecht} f3 $19 {
[%cal Rc2c1]}) 45... Ke6 46. Be1 (46. Bd4 f3 47. Rb6+ Kd7 48. Be3 Re2 $19)
46... Rc1 {The game is over as black's coordinated forces have triumphed over
the poor defender.} (46... f3 47. Rb6+ Ke5 48. Rxg6 b3 49. Rxg4 b2 50. Bg3+ Kd4
51. e5+ Kxc5 52. Bf2+ Kb5 53. Be1 Rg2+ 54. Rxg2 b1=Q $19) 47. Rb6+ (47. Kf1 f3
48. Rb6+ Ke5 $19) 47... Ke5 48. Rxg6 Rxe1+ 49. Kg2 Ne3+ 50. Kf3 (50. Kh2 Re2+
51. Kh3 f3 $19) 50... Rf1+ 51. Ke2 Rc1 52. Kf3 (52. Rxh6 b3 53. Rb6 Kxe4 54.
Re6+ Kd4 55. Rb6 Rc3 56. Rb8 Ng4 $19) 52... b3 53. Rb6 Nc4 $1 {Hecht:
'Genauigkeit bis zum Schluss!'} 54. Rb8 (54. Rxb3 Nd2+ 55. Kg4 Nxb3 $19) 54...
b2 55. c6 b1=Q 0-1

[Event "RUS-The World"]
[Site "Moscow"]
[Date "2002.09.09"]
[Round "5"]
[White "Bareev, Evgeny"]
[Black "Radjabov, Teimour"]
[Result "0-1"]
[WhiteElo "2726"]
[BlackElo "2618"]
[Annotator "Radjabov,T"]
[PlyCount "76"]
[EventDate "2002.09.08"]
[EventType "schev (rapid)"]
[EventRounds "10"]
[EventCountry "RUS"]
[SourceTitle "CBM 091"]
[Source "ChessBase"]
[SourceDate "2002.11.12"]
[SourceVersion "1"]
[SourceVersionDate "2002.11.12"]
[SourceQuality "1"]
[WhiteTeam "Russia"]
[BlackTeam "The World"]
[WhiteTeamCountry "RUS"]

1. c4 g6 2. Nc3 Bg7 3. g3 Nf6 4. Bg2 O-O 5. d3 d6 6. Nf3 e5 7. Rb1 a5 8. a3 Nc6
9. b4 axb4 10. axb4 h6 11. O-O Be6 12. b5 Ne7 13. Bd2 $5 (13. Nd2 c6 14. Qb3 d5
15. Ba3 Re8 16. bxc6 bxc6 17. cxd5 cxd5 18. Nb5 Qd7 19. Rfc1 Reb8 20. Rc7 Rxb5
21. Rxd7 Rxb3 22. Nxb3 Nxd7 $11 23. Bxe7 Ra2 24. e3 d4 25. exd4 {
Bareev-Svidler World Cup of Rapid Chess 1/2-1/2}) 13... Nd7 14. Qc1 $146 (14.
Ne1 {1/2-1/2 Savon,V-Gurevich,V Orel 1995}) 14... g5 $5 15. h4 f6 16. hxg5 hxg5
17. Ne4 (17. Ne1 c6 18. Ne4 d5 19. Nd6 Qb8 20. bxc6 Qxd6 $13) (17. Nh2 c6 18.
Ne4 Qc7 19. bxc6 bxc6 20. Bb4 c5 21. Bd2 Rfb8 $13) 17... Rb8 (17... Nf5 18. Nh2
g4 $5) 18. Ra1 b6 $6 (18... g4 $5 19. Nh4 f5 20. Ng5 Nc5 21. Qc2 c6 22. Rfb1
Bd7 $13) 19. Ra7 Nc8 20. Ra3 Ne7 21. Qc2 $5 g4 22. Nh4 Nc5 $5 23. Nc3 (23. Rfa1
$5 f5 24. Ng5 $14) 23... Qe8 24. Ra7 Rc8 25. Be3 f5 $1 $132 26. Bxc5 dxc5 27.
Bb7 $5 (27. Rfa1 Bf6 $5) 27... Bf6 $3 28. Bxc8 (28. Ng2 Rd8 {Idea Qh5-Kg7-Rh8.}
) 28... Nxc8 $1 29. Rxc7 Bxh4 30. gxh4 Qd8 $1 (30... Qh5 31. Kg2 {idea after
f4-Ne4!}) 31. Rxc8 $4 (31. Nd5 $3 Bxd5 (31... Qxh4 32. e3 $3 Qd8 (32... Bf7 33.
Qb2 $1) 33. Rc6 Bxd5 34. cxd5 Qxd5 35. Qc4 $1 $18) 32. Rxc8 Qxc8 (32... Qxh4
33. Rxf8+ Kxf8 34. e4 Be6 35. Qa2 $16) 33. cxd5 Qd7 (33... Qd8 $1 34. Qa2 (34.
Qc4 $1 Kh8 (34... Kg7 35. Ra1 Qd6 36. Ra7+ Kh6 37. Qc1+ f4 38. Qc4 $16) (34...
Qxh4 35. d6+ Kg7 36. Ra1 Kf6 37. Ra7 Qh5 38. Re7 Rh8 39. Re6+ Kg7 40. Qd5 Qh2+
41. Kf1 Qh3+ 42. Ke1 Qh1+ 43. Qxh1 Rxh1+ 44. Kd2 Rh8 45. d7 Rd8 46. Rxb6 Rxd7
47. Rc6 $16) 35. Ra1 Qxh4 (35... Rg8 $1 36. Kg2 Qd6 $13 (36... Qf6 $6 37. d6 $1
Qxd6 38. Qf7 $16)) 36. d6 f4 37. Qe6 g3 38. Qxe5+ Kg8 39. Qd5+ Kg7 40. Qg2 Rd8
41. Ra4 Kf6 42. fxg3 Qxg3 43. Qxg3 fxg3 44. Kg2 Rxd6 45. Kxg3 $14) 34... Qxh4
35. d6+ Kg7 (35... Kh7 $5 36. Ra1 g3 37. fxg3 Qxg3+ 38. Kf1 e4 $1 (38... Qh3+
39. Kf2 (39. Ke1 Qe3 40. Rd1 (40. Qa7+ Kg6 41. d7 c4 42. Ra6 Qc1+ 43. Kf2 Qf4+
$11) 40... f4 41. Qd5 Kg7 42. Qb7+ Rf7 43. d7 f3 44. Qxf3 Qxf3 45. d8=Q Qf4 $15
46. Qd5 $4 (46. Qa8 Qb4+ 47. Rd2 Qb1+ 48. Rd1 Qxb5 $15) 46... Qb4+ 47. Rd2 Qh4+
48. Kd1 Rf1+ $19) 39... Rg8 $17) 39. Qe6 Qf4+ (39... Qh3+ 40. Kf2 Qh4+ 41. Ke3
Qg5+ 42. Kf2 Qh4+ $11) 40. Ke1 e3 (40... exd3 $1 41. Ra7+ Kh8 $11) 41. Ra7+ Kh8
42. Qg6 Qf2+ 43. Kd1 Qf1+ 44. Kc2 Qxe2+ 45. Kc3 Qd2+ 46. Kc4 Qc2+ 47. Kd5 Qxd3+
48. Kc6 $16) 36. Qd5 Rh8 37. Qxe5+ Kg6 38. Qe6+ $11) 34. Qc4 Kg7 (34... Rd8 35.
f4 gxf3 36. Rxf3 f4 37. Qe4 Qg7+ 38. Kf2 $14 Qf6 39. Rh3 Kh8 40. Rh2 Rg8 41.
Ke1 Rg3 42. h5 $14) 35. f4 $13) 31... Bxc8 $17 32. Kg2 $8 (32. h5 Qh4 33. e3 f4
$1 $17 34. d4 Rf5 $19) 32... f4 $1 (32... Bb7+ $6 33. e4 fxe4 (33... f4 $5 34.
Rh1 Qd4 35. Nd5 Bxd5 36. cxd5 Kh7 37. Qc4 (37. Rf1 $13) 37... Qb2 $15) 34. dxe4
Qxh4 35. Rh1 Qf6 36. Qd2 Qf3+ 37. Kg1 Qf4 38. Qe2 g3 39. fxg3 Qxg3+ 40. Qg2
Qxg2+ 41. Kxg2 $11) 33. Rh1 Bb7+ 34. f3 $2 (34. Ne4 $1 Qd4 35. Rf1 f3+ (35...
Ra8 $5 $17 36. Rd1 Kg7 37. h5 (37. Re1 Ra3 $1 $17 38. Kg1 Bxe4 39. dxe4 Rg3+ $1
40. Kf1 Rh3 $1 41. Rd1 (41. e3 f3 42. Kg1 g3 $1 43. fxg3 Qd7 $19) 41... Rh1+
42. Kg2 Rh2+ 43. Kxh2 Qxf2+ 44. Kh1 g3 $19) 37... Kh6 $17 {Idea Ra3!}) 36. Kh2
Bxe4 37. dxe4 fxe2 38. Qxe2 Rf4 39. Kg2 Qxe4+ 40. Qxe4 Rxe4 41. Rd1 Rxc4 42.
Rd6 Rb4 43. Rxb6 $11) 34... Kh8 $1 35. Ne4 gxf3+ 36. exf3 Bxe4 $1 37. fxe4 (37.
dxe4 Rg8+ 38. Kf1 Qd4 $19) 37... Qd4 38. Kf1 $2 (38. Kh2 Rg8 39. Qe2 Rg3 40.
Rf1 (40. Qh5+ Kg7 $19) 40... f3 $19 41. Rxf3 Qg1#) 38... Qa1+ {0-1   39.
Kg2-f3+ 40.Kh2-Qxh1! 41.Kxh1-f2 -+} 0-1

[Event "RUS-The World"]
[Site "Moscow"]
[Date "2002.09.10"]
[Round "6"]
[White "Radjabov, Teimour"]
[Black "Morozevich, Alexander"]
[Result "0-1"]
[WhiteElo "2610"]
[BlackElo "2716"]
[Annotator "Huebner,R"]
[PlyCount "68"]
[EventDate "2002.09.08"]
[EventType "schev (rapid)"]
[EventRounds "10"]
[EventCountry "RUS"]
[SourceTitle "CBM 091"]
[Source "ChessBase"]
[SourceDate "2002.11.12"]
[SourceVersion "1"]
[SourceVersionDate "2002.11.12"]
[SourceQuality "1"]
[WhiteTeam "The World"]
[BlackTeam "Russia"]
[BlackTeamCountry "RUS"]

1. d4 d5 2. c4 c6 3. Nc3 Nf6 4. e3 a6 5. Nf3 Bf5 6. cxd5 cxd5 7. Ne5 h6 8. Qb3
Ra7 9. Bd2 e6 10. Rc1 Nbd7 11. Nxd7 Nxd7 12. Ne2 Nb8 13. Nf4 Bd6 (13... Nc6 $5
{kommt auch in Betracht.}) 14. Bb4 Bxb4+ 15. Qxb4 Nc6 16. Qc5 Ra8 17. Bd3 {
Auch andere Züge bringen keinen Vorteil:} (17. Nh5 Bg6 (17... Qg5 18. Ng3 Bg6
19. Qb6 Nd8 20. Be2 O-O 21. O-O $16) 18. Be2 (18. Nxg7+ Kd7 19. g4 Rc8 20. Rc3
Rg8 21. Nf5 (21. Nh5 Bxh5 22. gxh5 Qh4 {, und Schwarz steht ausgezeichnet.})
21... exf5 22. gxf5 Ne7 23. Bb5+ axb5 24. Qxb5+ Rc6 (24... Nc6 25. Qxd5+ Ke8
26. Qxd8+ Rxd8 27. fxg6 Rxg6 {mit etwa ausgeglichener Stellung.}) 25. Qxb7+ Kd6
26. Qb4+ Kc7 27. fxg6 Rgxg6 28. Qa5+ Kd7 29. Qxd8+ Kxd8 30. Rxc6 Rxc6 31. Kd2 {
mit etwa gleichem Endspiel.}) 18... Bxh5 19. Bxh5 Qe7 {mit gleichem Spiel.}) (
17. Be2 {ist am plausibelsten:} Rc8 18. O-O Qe7 19. Qb6 Qc7 $11) 17... g5 18.
Bxf5 gxf4 19. Bh3 fxe3 20. fxe3 Qe7 21. Ke2 $6 (21. O-O {gefällt mir besser,
und ebenfalls}) (21. g3) 21... h5 22. Rhf1 Qxc5 23. Rxc5 Ke7 24. g3 {Weiß muß
seinen Läufer wieder ins Spiel bringen; wenn Schwarz zu f7-f5 und h5-h4 kommt,
wird er ihn nie wieder aktivieren können. Der König des Weißen stünde auf g1
besser zur Verteidigung des Königsflügels.} f5 $6 (24... h4 25. g4 Rhg8 {
ist stärker.}) 25. Rf4 $6 ({Nach} 25. Bxf5 exf5 26. Rxd5 {hätte Weiß keine
Sorgen mehr.}) 25... Kd6 26. Rc1 Ne7 27. Bg2 $2 {Damit begibt sich Weiß der
Möglichkeit , h5-h4 mit g3-g4 zu beanworten, und stellt den Läufer auf ein
ungünstiges Feld. Nach} (27. Kd3 Rag8 28. a3 Rg5 29. Bf1 Ng6 30. Rf2 h4 31.
gxh4 Rxh4 32. Rc8 {hätte er Rettungsaussichten behalten.}) 27... Rag8 28. Rf2
$6 {Bessere Verteidigungsaussichten bot ein Rückzug des Läufers.} h4 29. gxh4
Rxh4 30. Rh1 $2 (30. Bf1 $5 {ist zäher; desgleichen ist die Folge}) (30. h3 f4
31. exf4 Ng6 (31... Nf5 32. Rd1 {bringt in dieser Stellung nicht so viel ein.})
32. Ke3 Nxf4 33. Rxf4 Rxf4 34. Kxf4 Rxg2 35. h4 Rxb2 36. Rh1 {nicht vollkommen
klar.}) 30... f4 $19 31. e4 (31. exf4 Nf5 32. Kd3 Rgg4 {ist ebenfalls
hoffnungslos für Weiß.}) 31... f3+ 32. Bxf3 dxe4 33. Bg2 Nf5 34. Rd1 e3 0-1

[Event "RUS-The World"]
[Site "Moscow"]
[Date "2002.09.10"]
[Round "8"]
[White "Radjabov, Teimour"]
[Black "Rublevsky, Sergei"]
[Result "1/2-1/2"]
[WhiteElo "2610"]
[BlackElo "2658"]
[Annotator "Huzman,A"]
[PlyCount "74"]
[EventDate "2002.09.08"]
[EventType "schev (rapid)"]
[EventRounds "10"]
[EventCountry "RUS"]
[SourceTitle "CBM 091"]
[Source "ChessBase"]
[SourceDate "2002.11.12"]
[SourceVersion "1"]
[SourceVersionDate "2002.11.12"]
[SourceQuality "1"]
[WhiteTeam "The World"]
[BlackTeam "Russia"]
[BlackTeamCountry "RUS"]

1. d4 d5 2. c4 dxc4 3. e4 e5 4. Nf3 exd4 5. Bxc4 Bb4+ 6. Nbd2 Nc6 7. O-O Nf6 8.
e5 Nd5 9. Nb3 Nb6 10. Bb5 Qd5 11. Bxc6+ Qxc6 12. Bd2 Be7 13. Rc1 Qg6 (13... Qa4
14. Nbxd4 c6 15. b3 Qa6 16. Bg5 f6 17. exf6 gxf6 18. Bh6 Rg8 19. Nh4 Bg4 20. f3
Bh3 21. Kh1 $16 {1-0 Shredder 5-Deep Fritz/Cadaques ESP 2001/The Week in Chess
326 (62)}) (13... Qd7 14. Qc2 c6 15. Nbxd4 Qg4 16. h3 Qg6 17. Qxg6 hxg6 18.
Rfe1 Nd5 19. e6 f6 20. Nb3 g5 $13 {1/2-1/2 Rogemont,A-Giertz,N/Latin Am-Cup5
sf01 corr 1995/Corr 2000 (33)}) 14. Rxc7 Nd5 15. Rc4 d3 16. Ne1 Be6 17. Rd4 O-O
18. Nxd3 b6 (18... Rad8 $6 19. Ndc5 Nb6 20. Nxe6 Qxe6 21. Bb4 $16 {1-0
Beliavsky,A-Matulovic,M/Jugoslavija 1993/Inf 57/[Beliavsky,A] (28)}) 19. f4 (
19. Qe2 Rfd8 20. Rd1 Rac8 {[%cal Yc8c2]} 21. Be1 Rd7 $44 {/\22...Rdc7}) 19...
Rfd8 20. Qf3 Bg4 $1 (20... Bf5 21. Nf2 {[%cal Gg2g4]} (21. Nb4 $5 Nxb4 22. Bxb4
Bh4 23. Rd6 $16)) 21. f5 (21. Qg3 Bf5 (21... a5 22. h3 Bf5 23. Qxg6 hxg6 24. g4
a4 25. Nbc1) 22. Qxg6 hxg6 23. Rd1 Nc7 $5 (23... a5 $1) 24. Bb4 Ne6 $44) 21...
Bxf3 22. fxg6 Bh5 23. gxh7+ (23. Nf4 Nxf4 24. gxf7+ Bxf7 25. Rxd8+ Rxd8 26.
Bxf4 Rd3 $44) (23. gxf7+ Bxf7 24. Re1 Nc7 25. Bb4 Bxb3 26. Rxd8+ Rxd8 27. Bxe7
Rxd3 28. axb3 Ne6 $44 (28... Rxb3 $5 29. e6 Rxb2 $13)) 23... Kxh7 24. Rc1 a5 $1
25. a4 Ra7 $44 {Black has full compensation for the sacrifised pawn due to the
pair of bishops and the disharmonic position of the white pieces.} 26. Kf1 Rad7
27. Rcc4 Bg6 28. Ke1 $6 b5 $1 29. axb5 (29. Rc1 Bxd3 30. Rxd3 bxa4 31. Nxa5 Nb4
32. Rxd7 Rxd7 33. Ke2 Nd3 (33... Rxd2+ 34. Kxd2 Bg5+ 35. Kd1 Bxc1 36. Kxc1 Nd3+
37. Kc2 Nxe5 38. Kc3 $16) 34. Rf1 Nxe5 35. Bc3 Bd8 $11) 29... Nb6 30. Rxd7 (30.
Nf4 Nxc4 31. Rxc4 a4 32. Nxg6 Kxg6 33. Rxa4 Rd5 $11) 30... Rxd7 31. Rc6 Rxd3
32. Nc1 Rd5 $1 33. Rxb6 Rxe5+ 34. Kd1 (34. Kf1 Rd5 35. Be3 Rf5+ 36. Kg1 (36.
Ke2 Re5 $1 $17) 36... Re5 37. Bf2 Rd5 $11) 34... Rd5 35. Ke1 Re5+ 36. Kd1 Rd5
37. Ke1 Re5+ 1/2-1/2

[Event "RUS-The World"]
[Site "Moscow"]
[Date "2002.09.11"]
[Round "10"]
[White "Radjabov, Teimour"]
[Black "Zvjaginsev, Vadim"]
[Result "1-0"]
[WhiteElo "2610"]
[BlackElo "2673"]
[Annotator "Finkel,A"]
[PlyCount "75"]
[EventDate "2002.09.08"]
[EventType "schev (rapid)"]
[EventRounds "10"]
[EventCountry "RUS"]
[SourceTitle "CBM 091"]
[Source "ChessBase"]
[SourceDate "2002.11.12"]
[SourceVersion "1"]
[SourceVersionDate "2002.11.12"]
[SourceQuality "1"]
[WhiteTeam "The World"]
[BlackTeam "Russia"]
[BlackTeamCountry "RUS"]

1. Nf3 e6 2. b3 Nf6 3. Bb2 d5 4. e3 Nbd7 5. d4 Bb4+ $5 {Tricky move!} (5... Be7
6. Nbd2 O-O (6... c6 7. Bd3 O-O 8. O-O Re8 9. Ne5 c5 10. f4 Qb6 11. c4 Qc7 12.
Re1 b6 13. cxd5 exd5 14. Qf3 $36 {Kmoch,H-Palda,K/Vienna 1932}) 7. c4 b6 8. Be2
Bb7 9. O-O c5 10. dxc5 Nxc5 11. Rc1 Rc8 12. Ne5 dxc4 $11 {Dosch,S-Gentner,C/
Klinge 1997}) (5... c5 6. Nbd2 b6 7. Bd3 Bb7 8. O-O Bd6 9. dxc5 Nxc5 10. Bb5+
Ke7 11. Ne5 Qc7 12. f4 Rac8 $132 {Rubinstein,A-Yates,F/Ramsgate 1929}) (5...
Bd6 6. Nbd2 O-O 7. Bd3 c5 8. Ne5 b6 9. f4 Bb7 $11 {Mariotti,S-Farago,I/
Budapest 1975}) 6. Nbd2 (6. c3 $5) 6... Ne4 7. c4 $6 {Very risky decision.} (7.
Bd3 Nc3 $6 8. Qc1 {[%cal Ga2a3]}) 7... Qf6 {[%csl Rf2]} 8. Qe2 $8 {Now white
is forced to put his queen on e2 to defend the pawn on f2.} dxc4 9. bxc4 O-O {
Too risky was} (9... Ndc5 $6 10. O-O-O Bxd2+ 11. Nxd2 Nd3+ (11... Nxd2 12. dxc5
$18) 12. Qxd3 Nxf2 13. Qc2 Nxh1 14. Ne4 $36 {[%cal Gf1d3] with very strong
initiative for white.}) 10. Rg1 {[%cal Gg2g5]} b5 11. cxb5 a6 12. a3 Ba5 13.
O-O-O Nxd2 (13... Bxd2+ 14. Nxd2 Nxf2 15. Re1 axb5 16. g4 $36) 14. Nxd2 Bb7 (
14... axb5 15. Qf3 Qxf3 16. Nxf3 Rb8) 15. Nb3 axb5 16. Qc2 c6 17. Bd3 h6 18. g4
$1 {Starting to disturb black on the kingside.} Bc7 19. d5 $6 {Bad move after
which black seizes the initiative.} (19. f4 $5) 19... Be5 20. dxe6 Bxb2+ 21.
Qxb2 fxe6 (21... Qxe6) 22. f4 Qe7 $1 {[%csl Ra3]} 23. g5 h5 $1 24. Qc2 Qxa3+ $6
{Much better was} (24... e5 $1 25. f5 Qxa3+ 26. Kd2 Qb4+ 27. Ke2 c5 $17 {
and it's hard to believe that white may hold on for a long time.}) 25. Kd2 Qb4+
$6 (25... c5 $5) 26. Ke2 Kh8 $2 27. Rg3 $1 {[%csl Rh8][%cal Gg3h3] Now white
is the first one to get to opponent's king!} Ra3 (27... c5 28. Rh3 Bd5 {
[%csl Gd7]}) 28. Rh3 $1 Rxb3 29. Rxh5+ Kg8 30. Bh7+ {[%csl Rd7]} Kf7 31. Rxd7+
Ke8 32. Rd4 $1 Qa3 (32... Qc3 33. Qe4 Ke7 34. f5 Bc8 35. Qe5 $1) 33. Qd2 Bc8
34. Bg6+ Ke7 35. Rh7 Rg8 36. Rd8 Rxe3+ 37. Kf2 Rf3+ 38. Kg2 1-0